Managemen terbuka : pedoman praktek manajerial yang efektif sepanjang hari

Bibliographic Details
Main Author: Cummings, Paul W. (Author)
Format: Book
Language:Indonesian
Published: Jakarta : Pustaka Binaman Pressindo , 1984
Series:Seri managemen no. 94
Subjects:

MARC

LEADER 00000cam a2200000 7i4500
001 0000004870
005 20070419093000.0
008 021118 io ind
090 0 0 |a HD31   |b .C8152 
100 1 |a Cummings, Paul W. ,   |e author 
245 1 0 |a Managemen terbuka :   |b pedoman praktek manajerial yang efektif sepanjang hari   |c Paul W. Cummings ; penterjemah Ny. Rochmulyati Hamzah 
260 2 |a Jakarta :   |b Pustaka Binaman Pressindo ,   |c 1984 
300 |a 273 p. ;   |c 24 cm. 
440 0 |a Seri managemen   |v no. 94 
500 |a Translation of: Open management: guides to successful practice 
650 0 |a Management 
999 |a 1000008725   |b Book   |c OPEN SHELF (30 DAYS)   |e Gong Badak Campus